000 01534nam0a2200349 4500
001 RU\NLR\BIBL_A\021997024
005 20230830154122.0
010 _a978-5-392-38893-6
_91000
021 _aRU
_bКН-П-23-042842
_9КН-П-23-4283
035 _a(NLR Aleph) 021997024
035 _a(RuMoRGB)011903928
090 _a12443858
_c12443858
100 _a20230804d2023 u y0rusy50 ca
101 0 _arus
102 _aRU
105 _aa|||n|||000zy
181 0 _ai
_baxxe
182 0 _an
200 1 _aСудебная экспертиза
_eсборник нормативных правовых актов
_eпо состоянию на 20 декабря 2022 г.
_fЕ. Р. Россинская, Е. И. Галяшина
203 _aТекст
_bвизуальный
_cнепосредственный
205 _aИзд. 3-е, перераб. и доп.
210 _aМосква
_cПроспект
_d2023
215 _a352 с.
_cтабл.
_d21
300 _aНа обл.: 3-е изд.
606 1 _aСудебная экспертиза
_yРоссийская Федерация
_jЗаконодательные материалы
_2nlr_sh1
_2nlr_sh2
_3RU\NLR\AUTH\661272303
686 1 _aХ629.40-39(2Р)
700 1 _aРоссинская
_bЕ. Р.
_f1949-
_gЕлена Рафаиловна
_3RU\NLR\AUTH\770194415
701 1 _aГаляшина
_bЕ. И.
_gЕлена Игоревна
942 _cBOOK
980 _aNB